Action on climate change (Record no. 85461)
[ view plain ]
| 000 -LEADER | |
|---|---|
| fixed length control field | 01919cgd a22002175a 4500 |
| 001 - CONTROL NUMBER | |
| control field | L145037 |
| 008 - FIXED-LENGTH DATA ELEMENTS--GENERAL INFORMATION | |
| fixed length control field | 080902s2008 xxk f 000 0 eng d |
| 020 ## - INTERNATIONAL STANDARD BOOK NUMBER | |
| International Standard Book Number | 9780755958481 |
| 035 ## - SYSTEM CONTROL NUMBER | |
| System control number | (Sirsi) u145037 |
| 041 0# - LANGUAGE CODE | |
| Language code of text/sound track or separate title | eng |
| 110 2# - MAIN ENTRY--CORPORATE NAME | |
| Corporate name or jurisdiction name as entry element | Scotland |
| Subordinate unit | Scottish Government |
| 9 (RLIN) | 5344 |
| 245 00 - TITLE STATEMENT | |
| Title | Action on climate change |
| Remainder of title | proposals for improving the energy performance of existing non-domestic buildings, a consultation by the Scottish Government |
| Medium | [electronic resource] |
| 260 ## - PUBLICATION, DISTRIBUTION, ETC. | |
| Place of publication, distribution, etc. | Edinburgh |
| Name of publisher, distributor, etc. | Scottish Government |
| Date of publication, distribution, etc. | 2008 |
| 505 2# - FORMATTED CONTENTS NOTE | |
| Formatted contents note | Ministerial Foreword -- Introduction: government incentives to encourage action -- Relationship to the Scottish Government's Purpose -- The importance of the energy performance of non-domestic buildings in our strategy to tackle climate change -- Making the right decision for non-domestic buildings in carbon and cost terms -- Measures to improve the energy performance of existing non-domestic buildings: background; proposals; assessment of historic and traditional buildings; implementation; enforcement, contravention and sanctions -- Strategic Environmental Assessment -- Equality Impact Assessment -- Conclusion -- Glossary and abbreviations for useful terms -- Annex A: Partial Regulatory Impact Assessment -- Annex B: Questionnaire |
| 520 ## - SUMMARY, ETC. | |
| Summary, etc. | This consultation seeks views on proposed measures requiring energy performance assessments to be carried out on non-domestic buildings and the introduction of measures to reduce carbon emissions. Comments are invited on the measures required as well as the general ideas underlying such measures. The deadline for comments is 25 November 2008. |
| 590 ## - LOCAL NOTE (RLIN) | |
| Local note | KA |
| 651 #4 - SUBJECT ADDED ENTRY--GEOGRAPHIC NAME | |
| Geographic name | Scotland |
| Chronological subdivision | 1999- |
| 690 ## - LOCAL SUBJECT ADDED ENTRY--TOPICAL TERM (OCLC, RLIN) | |
| Topical term or geographic name as entry element | ENVIRONMENTAL AND LAND CONSULTANCY-ENERGY-ENERGY USE-ENERGY EFFICIENCY |
| 856 40 - ELECTRONIC LOCATION AND ACCESS | |
| Uniform Resource Identifier | <a href="https://www.scotland.gov.uk/Publications/2008/08/15155233/0">https://www.scotland.gov.uk/Publications/2008/08/15155233/0</a> |
| Public note | View the consultation free of charge at www.scotland.gov.uk... |
| 942 ## - ADDED ENTRY ELEMENTS (KOHA) | |
| Suppress in OPAC | 0 |
| Withdrawn status | Lost status | Source of classification or shelving scheme | Damaged status | Not for loan | Home library | Current library | Shelving location | Date acquired | Total Checkouts | Full call number | Barcode | Date last seen | Copy number | Price effective from | Koha item type |
|---|---|---|---|---|---|---|---|---|---|---|---|---|---|---|---|
| Dewey Decimal Classification | Virtual | Virtual | Online | 02/09/2008 | ONLINE PUBLICATION | 145037-2001 | 06/08/2019 | 1 | 06/08/2019 | Book |